000
00338nam a2200133Ia 4500
008
240624s9999 xx 000 0 und d
041
_a
eng
082
_a
332.63 CHA
100
_a
CHACKO GEORGE
245
_a
FINANCIAL INSTRUMENTS AND MARKETS A CASE
260
_c
2006
_a
New Jersey
_b
John Wiley and Sons
300
_a
656 : p.
365
_c
999
_c
15356
_d
15356